| 000 | 01215nam a2200253 i 4500 | ||
|---|---|---|---|
| 001 | 50149 | ||
| 003 | ES-MaACL | ||
| 005 | 20260301183426.0 | ||
| 007 | t| | ||
| 008 | 030731s1787 sp |||| | spa d | ||
| 245 | 0 | 0 |
_aCrónica de D. Alfonso el Onceno de este nombre, de los reyes que reynaron en Castilla y en León / _cilustrada con apéndices y varios documentos por Francisco Cerdá y Rico. |
| 250 | _a2ª ed. conforme a un antiguo ms. de la Real Biblioteca del Escorial y otro de la Mayansiana. | ||
| 260 |
_aMadrid : _bImp. de Antonio de Sancha, _c1787. |
||
| 300 |
_a1 v. ; _c25 cm. |
||
| 490 | 1 |
_aColección de las crónicas y memorias de los reyes de Castilla ; _v7 |
|
| 530 | _aDisponible en formato digital. | ||
| 600 | 0 | 4 |
_aAlfonso _bXI, _cRey de Castilla _919873 |
| 651 | 4 |
_aCastilla (Reino)- _xHistoria- _y1312-1350, Alfonso XI. _9150769 |
|
| 700 | 1 |
_aCerdá y Rico, Francisco, _d1739-1800 _937468 |
|
| 830 | 0 | 0 |
_aColección de las crónicas y memorias de los reyes de Castilla _v7 _9184660 |
| 852 |
_aES-MaACL _jR-1291 _x Olim: G-13137 |
||
| 856 |
_uhttp://simurg.bibliotecas.csic.es/viewer/piresolver?id=CSIC000538858 _zFondos digitalizados del CSIC |
||
| 999 |
_c50149 _d50149 |
||